| 000 | 00427nam a22001817a 4500 | ||
|---|---|---|---|
| 003 | MPLRDC | ||
| 005 | 20220104163807.0 | ||
| 008 | 210129b ||||| |||| 00| 0 eng d | ||
| 020 | _a0-671-01716-0 | ||
| 082 | _a874.57 SMI | ||
| 100 | _aL. J. SMITH | ||
| 245 |
_aTHE FORBIDDEN GAME _c |
||
| 250 | _aARCHWAY 1ST ED. | ||
| 260 |
_aU.S.A. _bPOC BOOKS _c1997 |
||
| 300 | _b228 | ||
| 650 | _aFICTION | ||
| 942 |
_cBK _o874.57 SMI |
||
| 999 |
_c56645 _d56635 |
||